Berühmte Deutsche nach Geburtsjahr 1960-1979 - Statistiken

Allgemein
  • Dieses Quiz wurde 119 mal gespielt
  • Das Durchschnittsergebnis liegt bei 14 aus 20
Antwortstatistiken
Jahr Hinweis Person % Korrekt
1960 "99 Luftballons"-Interpretin Nena
100%
1973 Topmodel Heidi Klum
94%
1969 Formel 1-Rekordweltmeister Michael Schumacher
94%
1967 Jüngster Wimbledonsieger Boris Becker
93%
1968 "Der Schuh des Manitu"-Schöpfer Michael „Bully“ Herbig
92%
1963 Nuschelnder "Keinohrhasen"-Schauspieler Til Schweiger
91%
1966 Erster "TV Total"-Gastgeber Stefan Raab
90%
1978 Früherer Basketball-Weltstar Dirk Nowitzki
89%
1962 Sänger der Toten Hosen Campino
86%
1965 "Ladykracher"-Star und Stimme von Marge Simpson Anke Engelke
82%
1961 Fußball-Rekordnationalspieler Lothar Matthäus
79%
1964 "Ein bißchen Frieden"-Interpretin Nicole
77%
1974 Moderatorin von "Verstehen Sie Spaß" Barbara Schöneberger
65%
1977 Fußball-Rekordnationalspielerin Birgit Prinz
63%
1979 Sängerin ("Für dich", "Du hast mein Herz gebrochen") Yvonne Catterfeld
39%
1970 Rothaarige Schauspielerin ("RTL Samstag Nacht") Esther Schweins
38%
1976 Hollywood-Schauspielerin ("Troja") Diane Kruger
35%
1971 Schauspielerin und frühere VIVA-Moderatorin Heike Makatsch
30%
1972 Nachrichtensprecher (Tagesschau und Sat 1) Marc Bator
19%
1975 Autor ("Noch wach", "Panikherz") Benjamin von Stuckrad-Barre
11%
Keine übereinstimmenden Quizze gefunden
Verteilung der Resultate
Anzahl Personen mit jedem Resultat
Perzentil nach korrekt beantworteten Fragen
Ihre Resultats-Entwicklung
Sie haben dieses Quiz noch nicht gespielt